000 00536nam a2200193Ia 4500
005 20260114154711.0
008 008 250103s9999 xx 000 0 eng d
037 _aTheses
040 _aCRL
_beng
_cCRL
041 _aeng
_2eng
084 _qCRL
100 _aKaul Au.
_9864589
245 0 _aMaking of craft: walnut wood carving in Kashmir
260 _aDelhi
_bUniversity of Delhi. Delhi school of Economics. Sociology
_c2022
300 _a188p.
700 _a Vasan Sudha Gu.
_9864590
942 _cTH
999 _c1467692
_d1467692